00896cam a2200253 i 450000100060000000300080000600500170001400800390003102000170007003500190008704000320010604100080013808200180014610000270016424500250019126000460021630000260026250400300028865100170031894200120033599900170034795201450036495201330050928181BD-RjUL20211209051240.0140329s1977 cou b 000 0 eng a0891581111 : a(BD-RjUL)28262 aDLCcDLCdDLCdBD-RjULbeng aeng00a985bALP 19771 aAlba, Víctor.98632510aPeru /cVictor Alba. aBoulder, Colo. :bWestview Press,cc1977. avii, 245 p. ;c24 cm. aBibliography: p. 243-245. 0aPeru.986326 2ddccBK c28181d28181 00102ddc40728NFICaRUCLbRUCLcReadingd1994-06-16eAsia Fundation Giftg0.00l0o985 ALP 1977r2014-03-29 00:00:00tC-1w2014-03-29yBK 00102ddc40708NFICaRUCLbRUCLcStackd1994-07-22eAsia Foundationl0o985 ALP 1977r2017-03-09 00:00:00tC-2w2017-03-09yBK